[Event "Grand Swiss "]
[Date "2025.09.11"]
[White "Sargissian, Gabriel"]
[Black "Fedoseev, Vladimir"]
[WhiteElo "2626"]
[BlackElo "2731"]
[Round "7.7.39"]
[Result "0-1"]

1. d4 {[%clk 01:40:56] [%emt 00:00:03]} d5 {[%clk 01:40:55] [%emt 00:00:05]} 2.
c4 {[%clk 01:41:19] [%emt 00:00:07]} e6 {[%clk 01:41:21] [%emt 00:00:04]} 3. Nf3
{[%clk 01:41:21] [%emt 00:00:29]} Nf6 {[%clk 01:41:35] [%emt 00:00:15]} 4. g3
{[%clk 01:40:10] [%emt 00:01:41]} Bb4+ {[%clk 01:41:57] [%emt 00:00:09]} 5. Bd2
{[%clk 01:40:29] [%emt 00:00:10]} Be7 {[%clk 01:42:22] [%emt 00:00:05]} 6. Bg2
{[%clk 01:40:47] [%emt 00:00:12]} O-O {[%clk 01:42:44] [%emt 00:00:07]} 7. O-O
{[%clk 01:40:44] [%emt 00:00:33]} c6 {[%clk 01:43:09] [%emt 00:00:05]} 8. Qc2
{[%clk 01:39:53] [%emt 00:01:21]} b6 {[%clk 01:43:32] [%emt 00:00:07]} 9. Bf4
{[%clk 01:36:05] [%emt 00:04:18]} Bb7 {[%clk 01:43:42] [%emt 00:00:20]} 10. Rd1
{[%clk 01:32:12] [%emt 00:04:23]} Nbd7 {[%clk 01:43:43] [%emt 00:00:30]} 11. Nc3
{[%clk 01:30:17] [%emt 00:02:25]} Qc8 {[%clk 01:37:09] [%emt 00:07:03]} 12. cxd5
{[%clk 01:25:48] [%emt 00:04:59]} cxd5 {[%clk 01:28:26] [%emt 00:09:13]} 13.
Rac1 {[%clk 01:24:31] [%emt 00:01:47]} a6 {[%clk 01:28:38] [%emt 00:00:17]} 14.
Ne5 {[%clk 01:18:21] [%emt 00:06:40]} b5 {[%clk 01:23:39] [%emt 00:05:29]} 15.
a4 {[%clk 01:01:32] [%emt 00:17:20]} Nxe5 {[%clk 01:16:27] [%emt 00:07:41]} 16.
dxe5 {[%clk 00:57:50] [%emt 00:04:13]} Nd7 {[%clk 01:16:06] [%emt 00:00:50]} 17.
axb5 {[%clk 00:57:22] [%emt 00:00:58]} g5 {[%clk 01:16:14] [%emt 00:00:22]} 18.
Be3 {[%clk 00:53:44] [%emt 00:04:09]} Nxe5 {[%clk 01:16:19] [%emt 00:00:24]} 19.
Bd4 {[%clk 00:51:08] [%emt 00:03:06]} Ng6 {[%clk 01:08:20] [%emt 00:08:29]} 20.
b6 {[%clk 00:42:21] [%emt 00:09:18]} Qd7 {[%clk 00:59:09] [%emt 00:09:41]} 21.
Na4 {[%clk 00:39:16] [%emt 00:03:36]} Rfc8 {[%clk 00:41:42] [%emt 00:17:57]} 22.
Qb3 {[%clk 00:39:35] [%emt 00:00:11]} Bc6 {[%clk 00:38:01] [%emt 00:04:11]} 23.
Rxc6 {[%clk 00:38:58] [%emt 00:01:07]} Rxc6 {[%clk 00:37:20] [%emt 00:01:11]}
24. e4 {[%clk 00:26:27] [%emt 00:13:01]} Rc4 {[%clk 00:36:45] [%emt 00:01:05]}
25. Nc3 {[%clk 00:25:06] [%emt 00:01:50]} Rb4 {[%clk 00:32:23] [%emt 00:04:52]}
26. Qa2 {[%clk 00:21:36] [%emt 00:03:59]} dxe4 {[%clk 00:28:09] [%emt 00:04:45]}
27. Be3 {[%clk 00:19:10] [%emt 00:02:56]} Qe8 {[%clk 00:25:44] [%emt 00:02:54]}
28. Bxe4 {[%clk 00:17:12] [%emt 00:02:29]} Rd8 {[%clk 00:24:00] [%emt 00:02:14]}
29. Rxd8 {[%clk 00:15:30] [%emt 00:02:11]} Qxd8 {[%clk 00:23:57] [%emt
00:00:33]} 30. Qxa6 {[%clk 00:15:53] [%emt 00:00:07]} f5 {[%clk 00:22:19] [%emt
00:02:09]} 31. b7 {[%clk 00:10:27] [%emt 00:05:56]} fxe4 {[%clk 00:22:22] [%emt
00:00:26]} 32. Qxe6+ {[%clk 00:10:51] [%emt 00:00:06]} Kg7 {[%clk 00:20:59]
[%emt 00:01:51]} 33. Qc8 {[%clk 00:09:27] [%emt 00:01:55]} Rxb2 {[%clk 00:08:08]
[%emt 00:13:22]} 34. Ba7 {[%clk 00:09:44] [%emt 00:00:12]} Qd2 {[%clk 00:08:33]
[%emt 00:00:04]} 35. b8=Q {[%clk 00:09:57] [%emt 00:00:18]} Rxb8 {[%clk
00:08:41] [%emt 00:00:23]} 36. Bxb8 {[%clk 00:10:23] [%emt 00:00:04]} e3 {[%clk
00:08:56] [%emt 00:00:15]} 37. fxe3 {[%clk 00:09:57] [%emt 00:00:56]} Qxe3+
{[%clk 00:06:40] [%emt 00:02:45]} 38. Kg2 {[%clk 00:07:28] [%emt 00:02:59]} Qd2+
{[%clk 00:03:19] [%emt 00:03:51]} 39. Kf1 {[%clk 00:02:49] [%emt 00:05:09]} Qc1+
{[%clk 00:02:35] [%emt 00:01:14]} 40. Kg2 {[%clk 00:02:41] [%emt 00:00:37]} Qb2+
{[%clk 00:01:11] [%emt 00:01:55]} 41. Kf1 {[%clk 00:47:29] [%emt 00:05:41]} Qxh2
{[%clk 00:47:35] [%emt 00:04:06]} 42. Ne2 {[%clk 00:39:33] [%emt 00:08:26]} Qh1+
{[%clk 00:47:24] [%emt 00:00:42]} 43. Kf2 {[%clk 00:39:57] [%emt 00:00:06]} Qd5
{[%clk 00:47:50] [%emt 00:00:04]} 44. Qc3+ {[%clk 00:34:53] [%emt 00:05:33]} Kh6
{[%clk 00:44:48] [%emt 00:03:34]} 45. Ba7 {[%clk 00:28:34] [%emt 00:06:49]} Ne5
{[%clk 00:45:10] [%emt 00:00:07]} 46. Bd4 {[%clk 00:28:57] [%emt 00:00:07]} Bb4
{[%clk 00:44:08] [%emt 00:01:33]} 47. Qc8 {[%clk 00:26:50] [%emt 00:02:37]} Qf7+
{[%clk 00:44:18] [%emt 00:00:20]} 48. Kg1 {[%clk 00:25:34] [%emt 00:01:45]} Nf3+
{[%clk 00:42:24] [%emt 00:02:24]} 49. Kg2 {[%clk 00:24:37] [%emt 00:01:27]} Qd5
{[%clk 00:42:43] [%emt 00:00:12]} 50. Qa6+ {[%clk 00:19:23] [%emt 00:05:44]} Kh5
{[%clk 00:42:28] [%emt 00:00:44]} 51. g4+ {[%clk 00:17:44] [%emt 00:02:10]} Kxg4
{[%clk 00:42:44] [%emt 00:00:14]} 52. Qc8+ {[%clk 00:17:21] [%emt 00:00:53]} Kh5
{[%clk 00:43:06] [%emt 00:00:07]} 53. Kh3 {[%clk 00:09:44] [%emt 00:08:08]} Ng1+
{[%clk 00:39:13] [%emt 00:04:23]} 54. Kh2 {[%clk 00:06:21] [%emt 00:03:53]} Nxe2
{[%clk 00:34:46] [%emt 00:04:58]} 55. Qh3+ {[%clk 00:05:56] [%emt 00:00:56]} Kg6
{[%clk 00:35:10] [%emt 00:00:05]} 56. Qd3+ {[%clk 00:06:20] [%emt 00:00:06]} Qf5
{[%clk 00:34:52] [%emt 00:00:48]} 0-1

[Site "Europe Echecs"]

[Event "Grand Swiss "]
[Date "2025.09.11"]
[White "Anton Guijarro, David"]
[Black "Eljanov, Pavel"]
[WhiteElo "2625"]
[BlackElo "2682"]
[Round "7.7.40"]
[Result "1-0"]

1. d4 {[%clk 01:40:55] [%emt 00:00:04]} Nf6 {[%clk 01:40:55] [%emt 00:00:06]} 2.
c4 {[%clk 01:41:14] [%emt 00:00:11]} e6 {[%clk 01:41:19] [%emt 00:00:06]} 3. Nf3
{[%clk 01:41:26] [%emt 00:00:17]} d5 {[%clk 01:41:22] [%emt 00:00:27]} 4. Nc3
{[%clk 01:41:34] [%emt 00:00:22]} Nbd7 {[%clk 01:40:38] [%emt 00:01:15]} 5. cxd5
{[%clk 01:41:32] [%emt 00:00:32]} exd5 {[%clk 01:41:04] [%emt 00:00:05]} 6. Bf4
{[%clk 01:41:45] [%emt 00:00:16]} c6 {[%clk 01:41:01] [%emt 00:00:33]} 7. e3
{[%clk 01:41:31] [%emt 00:00:44]} Nh5 {[%clk 01:41:24] [%emt 00:00:07]} 8. Bg5
{[%clk 01:41:40] [%emt 00:00:21]} Be7 {[%clk 01:41:47] [%emt 00:00:07]} 9. Bxe7
{[%clk 01:42:04] [%emt 00:00:06]} Qxe7 {[%clk 01:42:14] [%emt 00:00:03]} 10. Be2
{[%clk 01:42:25] [%emt 00:00:09]} O-O {[%clk 01:41:22] [%emt 00:01:23]} 11. O-O
{[%clk 01:42:25] [%emt 00:00:30]} Nhf6 {[%clk 01:41:13] [%emt 00:00:39]} 12. Re1
{[%clk 01:33:03] [%emt 00:09:52]} Re8 {[%clk 01:37:20] [%emt 00:04:23]} 13. Bd3
{[%clk 01:32:25] [%emt 00:01:08]} Ne4 {[%clk 01:30:04] [%emt 00:07:46]} 14. Nd2
{[%clk 01:26:03] [%emt 00:06:52]} Ndf6 {[%clk 01:20:20] [%emt 00:10:14]} 15. f3
{[%clk 01:23:39] [%emt 00:02:54]} Nxd2 {[%clk 01:19:31] [%emt 00:01:20]} 16.
Qxd2 {[%clk 01:23:58] [%emt 00:00:11]} Be6 {[%clk 01:19:33] [%emt 00:00:28]} 17.
a3 {[%clk 01:22:55] [%emt 00:01:33]} Rad8 {[%clk 01:08:26] [%emt 00:11:36]} 18.
b4 {[%clk 01:22:10] [%emt 00:01:15]} Nd7 {[%clk 01:05:28] [%emt 00:03:29]} 19.
Qc2 {[%clk 01:11:10] [%emt 00:11:30]} Qh4 {[%clk 00:50:24] [%emt 00:15:34]} 20.
Qf2 {[%clk 00:57:55] [%emt 00:13:45]} Qf6 {[%clk 00:42:26] [%emt 00:08:28]} 21.
g4 {[%clk 00:47:49] [%emt 00:10:37]} h5 {[%clk 00:27:29] [%emt 00:15:27]} 22. h3
{[%clk 00:38:43] [%emt 00:09:36]} hxg4 {[%clk 00:25:16] [%emt 00:02:43]} 23.
hxg4 {[%clk 00:36:09] [%emt 00:03:03]} Qg5 {[%clk 00:25:42] [%emt 00:00:04]} 24.
Qg3 {[%clk 00:34:10] [%emt 00:02:30]} f5 {[%clk 00:21:54] [%emt 00:04:19]} 25.
Qf4 {[%clk 00:25:11] [%emt 00:09:29]} Qxf4 {[%clk 00:21:44] [%emt 00:00:40]} 26.
exf4 {[%clk 00:25:38] [%emt 00:00:03]} Nb6 {[%clk 00:22:07] [%emt 00:00:07]} 27.
gxf5 {[%clk 00:21:10] [%emt 00:04:58]} Bd7 {[%clk 00:17:26] [%emt 00:05:11]} 28.
Re5 {[%clk 00:20:53] [%emt 00:00:46]} Nc4 {[%clk 00:17:42] [%emt 00:00:14]} 29.
Ne2 {[%clk 00:20:40] [%emt 00:00:43]} Rf8 {[%clk 00:15:45] [%emt 00:02:27]} 30.
Ng3 {[%clk 00:20:07] [%emt 00:01:04]} Rf7 {[%clk 00:15:42] [%emt 00:00:33]} 31.
Kf2 {[%clk 00:16:11] [%emt 00:04:25]} Rdf8 {[%clk 00:12:03] [%emt 00:04:09]} 32.
Rg1 {[%clk 00:10:43] [%emt 00:05:58]} Nxe5 {[%clk 00:08:02] [%emt 00:04:32]} 33.
fxe5 {[%clk 00:11:06] [%emt 00:00:07]} Bxf5 {[%clk 00:07:57] [%emt 00:00:35]}
34. Nxf5 {[%clk 00:11:29] [%emt 00:00:07]} Rxf5 {[%clk 00:08:24] [%emt
00:00:03]} 35. Bxf5 {[%clk 00:11:54] [%emt 00:00:05]} Rxf5 {[%clk 00:08:52]
[%emt 00:00:02]} 36. Rh1 {[%clk 00:05:31] [%emt 00:06:53]} g6 {[%clk 00:07:48]
[%emt 00:01:34]} 37. a4 {[%clk 00:04:54] [%emt 00:01:08]} Rf8 {[%clk 00:06:36]
[%emt 00:01:42]} 38. Kg3 {[%clk 00:03:46] [%emt 00:01:38]} Ra8 {[%clk 00:02:03]
[%emt 00:05:02]} 39. Kf4 {[%clk 00:03:18] [%emt 00:00:58]} Kg7 {[%clk 00:01:42]
[%emt 00:00:51]} 40. Kg5 {[%clk 00:01:48] [%emt 00:02:00]} Rf8 {[%clk 00:02:07]
[%emt 00:00:04]} 41. f4 {[%clk 00:01:11] [%emt 00:01:07]} a6 {[%clk 00:46:04]
[%emt 00:06:33]} 42. Rc1 {[%clk 00:45:54] [%emt 00:05:46]} Rf5+ {[%clk 00:15:25]
[%emt 00:31:09]} 43. Kg4 {[%clk 00:46:15] [%emt 00:00:09]} Rf8 {[%clk 00:15:24]
[%emt 00:00:32]} 44. b5 {[%clk 00:42:38] [%emt 00:04:07]} axb5 {[%clk 00:15:43]
[%emt 00:00:11]} 45. axb5 {[%clk 00:43:04] [%emt 00:00:04]} Rc8 {[%clk 00:16:01]
[%emt 00:00:12]} 46. f5 {[%clk 00:35:53] [%emt 00:07:41]} gxf5+ {[%clk 00:16:12]
[%emt 00:00:19]} 47. Kxf5 {[%clk 00:36:19] [%emt 00:00:04]} Kf7 {[%clk 00:15:20]
[%emt 00:01:23]} 48. Rh1 {[%clk 00:35:10] [%emt 00:01:39]} 1-0

[Site "Europe Echecs"]

[Event "Grand Swiss "]
[Date "2025.09.11"]
[White "Hakobyan, Aram"]
[Black "Deac, Bogdan-Daniel"]
[WhiteElo "2625"]
[BlackElo "2674"]
[Round "7.7.41"]
[Result "1-0"]

1. d4 {[%clk 01:40:12] [%emt 00:00:47]} Nf6 {[%clk 01:40:57] [%emt 00:00:04]} 2.
c4 {[%clk 01:40:06] [%emt 00:00:36]} e6 {[%clk 01:41:23] [%emt 00:00:03]} 3. Nf3
{[%clk 01:40:28] [%emt 00:00:08]} d5 {[%clk 01:40:17] [%emt 00:01:36]} 4. e3
{[%clk 01:40:34] [%emt 00:00:25]} Nbd7 {[%clk 01:38:29] [%emt 00:02:18]} 5. Nc3
{[%clk 01:40:03] [%emt 00:01:01]} a6 {[%clk 01:38:08] [%emt 00:00:51]} 6. b3
{[%clk 01:36:44] [%emt 00:03:50]} b6 {[%clk 01:38:22] [%emt 00:00:15]} 7. Bd3
{[%clk 01:36:47] [%emt 00:00:25]} Bb7 {[%clk 01:38:20] [%emt 00:00:33]} 8. O-O
{[%clk 01:36:31] [%emt 00:00:46]} Bd6 {[%clk 01:37:31] [%emt 00:01:19]} 9. Bb2
{[%clk 01:36:25] [%emt 00:00:36]} O-O {[%clk 01:35:49] [%emt 00:02:13]} 10. a4
{[%clk 01:32:14] [%emt 00:04:41]} a5 {[%clk 01:30:33] [%emt 00:05:45]} 11. Rc1
{[%clk 01:30:30] [%emt 00:02:14]} Bb4 {[%clk 01:29:25] [%emt 00:01:38]} 12. Qc2
{[%clk 01:26:03] [%emt 00:04:57]} h6 {[%clk 01:28:26] [%emt 00:01:29]} 13. cxd5
{[%clk 01:19:51] [%emt 00:06:43]} Bxc3 {[%clk 01:28:31] [%emt 00:00:25]} 14.
Bxc3 {[%clk 01:19:27] [%emt 00:00:53]} Nxd5 {[%clk 01:28:47] [%emt 00:00:14]}
15. Bd2 {[%clk 01:16:19] [%emt 00:03:38]} c5 {[%clk 01:19:54] [%emt 00:09:22]}
16. Qb1 {[%clk 00:55:20] [%emt 00:21:30]} Rc8 {[%clk 01:19:15] [%emt 00:01:09]}
17. Rfd1 {[%clk 00:52:37] [%emt 00:03:13]} Qe7 {[%clk 01:18:27] [%emt 00:01:18]}
18. Bh7+ {[%clk 00:43:13] [%emt 00:09:54]} Kh8 {[%clk 01:18:25] [%emt 00:00:32]}
19. Bd3 {[%clk 00:43:41] [%emt 00:00:02]} Rfd8 {[%clk 01:09:57] [%emt 00:08:58]}
20. h3 {[%clk 00:43:30] [%emt 00:00:41]} cxd4 {[%clk 00:34:18] [%emt 00:36:09]}
21. Rxc8 {[%clk 00:41:27] [%emt 00:02:34]} Rxc8 {[%clk 00:33:17] [%emt
00:01:31]} 22. Nxd4 {[%clk 00:41:40] [%emt 00:00:17]} Nc5 {[%clk 00:31:27] [%emt
00:02:18]} 23. Be2 {[%clk 00:35:53] [%emt 00:06:18]} Rd8 {[%clk 00:28:51] [%emt
00:03:07]} 24. Be1 {[%clk 00:33:25] [%emt 00:02:58]} Nb4 {[%clk 00:26:37] [%emt
00:02:43]} 25. f3 {[%clk 00:24:34] [%emt 00:09:20]} Nd5 {[%clk 00:22:11] [%emt
00:04:56]} 26. Bd2 {[%clk 00:22:27] [%emt 00:02:37]} Qf6 {[%clk 00:18:49] [%emt
00:03:52]} 27. Bc4 {[%clk 00:15:12] [%emt 00:07:45]} Ba6 {[%clk 00:11:43] [%emt
00:07:36]} 28. Nb5 {[%clk 00:09:06] [%emt 00:06:36]} Bxb5 {[%clk 00:08:21] [%emt
00:03:52]} 29. axb5 {[%clk 00:09:35] [%emt 00:00:02]} Nc3 {[%clk 00:07:27] [%emt
00:01:23]} 30. Bxc3 {[%clk 00:09:40] [%emt 00:00:25]} Rxd1+ {[%clk 00:07:54]
[%emt 00:00:02]} 31. Qxd1 {[%clk 00:10:04] [%emt 00:00:07]} Qxc3 {[%clk
00:08:18] [%emt 00:00:06]} 32. Qd8+ {[%clk 00:07:03] [%emt 00:03:31]} Kh7 {[%clk
00:08:40] [%emt 00:00:08]} 33. Qxb6 {[%clk 00:07:28] [%emt 00:00:05]} Qxe3+
{[%clk 00:08:56] [%emt 00:00:14]} 34. Kh2 {[%clk 00:06:02] [%emt 00:01:56]} a4
{[%clk 00:06:25] [%emt 00:03:01]} 35. Qc7 {[%clk 00:03:30] [%emt 00:03:03]} axb3
{[%clk 00:00:59] [%emt 00:05:56]} 36. b6 {[%clk 00:03:59] [%emt 00:00:01]} b2
{[%clk 00:00:54] [%emt 00:00:35]} 37. Ba2 {[%clk 00:04:28]} Qa3 {[%clk 00:00:35]
[%emt 00:00:49]} 38. Bb1+ {[%clk 00:02:09] [%emt 00:02:49]} f5 {[%clk 00:01:02]
[%emt 00:00:02]} 39. Qd6 {[%clk 00:01:11] [%emt 00:01:29]} Qc3 {[%clk 00:00:41]
[%emt 00:00:50]} 40. b7 {[%clk 00:00:32] [%emt 00:01:10]} Nxb7 {[%clk 00:00:43]
[%emt 00:00:28]} 41. Qxe6 {[%clk 00:00:56] [%emt 00:00:05]} Qc7+ {[%clk
00:00:34] [%emt 00:00:40]} 42. g3 {[%clk 00:48:11] [%emt 00:03:14]} Nd6 {[%clk
00:33:43] [%emt 00:17:20]} 43. h4 {[%clk 00:44:55] [%emt 00:03:47]} Qc5 {[%clk
00:24:11] [%emt 00:10:00]} 44. Kg2 {[%clk 00:36:17] [%emt 00:09:10]} h5 {[%clk
00:21:16] [%emt 00:03:25]} 45. Qe2 {[%clk 00:13:45] [%emt 00:23:02]} Qc1 {[%clk
00:07:53] [%emt 00:13:53]} 46. Qd3 {[%clk 00:13:36] [%emt 00:00:40]} Qe1 {[%clk
00:07:25] [%emt 00:00:56]} 47. Ba2 {[%clk 00:09:52] [%emt 00:04:15]} Qe5 {[%clk
00:06:26] [%emt 00:01:29]} 48. Kh3 {[%clk 00:07:37] [%emt 00:02:45]} Qc5 {[%clk
00:02:09] [%emt 00:04:45]} 49. Kg2 {[%clk 00:07:36] [%emt 00:00:32]} Qa5 {[%clk
00:01:08] [%emt 00:01:30]} 50. Bb1 {[%clk 00:07:00] [%emt 00:01:07]} Qe5 {[%clk
00:01:09] [%emt 00:00:28]} 51. Ba2 {[%clk 00:07:06] [%emt 00:00:25]} Nb5 {[%clk
00:00:52] [%emt 00:00:46]} 52. Qd8 {[%clk 00:05:58] [%emt 00:01:40]} b1=R {[%clk
00:00:33] [%emt 00:00:50]} 53. Bg8+ {[%clk 00:06:00] [%emt 00:00:27]} Kh8 {[%clk
00:00:40] [%emt 00:00:23]} 54. Bf7+ {[%clk 00:06:20] [%emt 00:00:10]} 1-0

[Site "Europe Echecs"]

[Event "Grand Swiss "]
[Date "2025.09.11"]
[White "Donchenko, Alexander"]
[Black "Artemiev, Vladislav"]
[WhiteElo "2624"]
[BlackElo "2664"]
[Round "7.7.42"]
[Result "0-1"]

1. d4 {[%clk 01:40:57] [%emt 00:00:02]} d5 {[%clk 01:40:26] [%emt 00:00:34]} 2.
c4 {[%clk 01:41:12] [%emt 00:00:14]} e6 {[%clk 01:40:40] [%emt 00:00:15]} 3. Nc3
{[%clk 01:39:47] [%emt 00:01:56]} Nf6 {[%clk 01:40:37] [%emt 00:00:33]} 4. cxd5
{[%clk 01:38:23] [%emt 00:01:55]} exd5 {[%clk 01:40:50] [%emt 00:00:17]} 5. Bg5
{[%clk 01:38:45] [%emt 00:00:07]} c6 {[%clk 01:40:11] [%emt 00:01:09]} 6. e3
{[%clk 01:38:52] [%emt 00:00:23]} h6 {[%clk 01:39:41] [%emt 00:01:00]} 7. Bh4
{[%clk 01:38:52] [%emt 00:00:31]} Be7 {[%clk 01:39:46] [%emt 00:00:26]} 8. Bd3
{[%clk 01:38:42] [%emt 00:00:40]} O-O {[%clk 01:39:18] [%emt 00:00:58]} 9. h3
{[%clk 01:38:16] [%emt 00:00:55]} Ne4 {[%clk 01:34:20] [%emt 00:05:28]} 10. Bxe7
{[%clk 01:37:51] [%emt 00:00:56]} Qxe7 {[%clk 01:34:38] [%emt 00:00:11]} 11.
Bxe4 {[%clk 01:37:46] [%emt 00:00:34]} dxe4 {[%clk 01:34:56] [%emt 00:00:12]}
12. Qc2 {[%clk 01:37:45] [%emt 00:00:30]} f5 {[%clk 01:19:17] [%emt 00:16:10]}
13. Nge2 {[%clk 01:36:32] [%emt 00:01:43]} Nd7 {[%clk 00:59:29] [%emt 00:20:18]}
14. Nf4 {[%clk 01:26:27] [%emt 00:10:35]} Kh7 {[%clk 00:54:17] [%emt 00:05:42]}
15. h4 {[%clk 01:17:43] [%emt 00:09:14]} Nf6 {[%clk 00:51:38] [%emt 00:03:10]}
16. h5 {[%clk 01:16:15] [%emt 00:01:57]} Qd6 {[%clk 00:45:41] [%emt 00:06:27]}
17. O-O-O {[%clk 01:00:33] [%emt 00:16:12]} Re8 {[%clk 00:28:45] [%emt
00:17:27]} 18. Kb1 {[%clk 00:47:14] [%emt 00:13:49]} Bd7 {[%clk 00:22:25] [%emt
00:06:50]} 19. Ng6 {[%clk 00:39:17] [%emt 00:08:27]} Nxh5 {[%clk 00:09:08] [%emt
00:13:48]} 20. Ne5 {[%clk 00:38:21] [%emt 00:01:25]} Nf6 {[%clk 00:09:33] [%emt
00:00:05]} 21. g4 {[%clk 00:30:19] [%emt 00:08:32]} Nxg4 {[%clk 00:06:05] [%emt
00:03:59]} 22. Rhg1 {[%clk 00:08:11] [%emt 00:22:38]} Qe7 {[%clk 00:03:52] [%emt
00:02:42]} 23. Rxg4 {[%clk 00:07:03] [%emt 00:01:38]} fxg4 {[%clk 00:04:18]
[%emt 00:00:05]} 24. Qxe4+ {[%clk 00:07:28] [%emt 00:00:05]} Kg8 {[%clk
00:04:44] [%emt 00:00:04]} 25. Rg1 {[%clk 00:07:25] [%emt 00:00:32]} Rf8 {[%clk
00:04:01] [%emt 00:01:14]} 26. Qc2 {[%clk 00:06:12] [%emt 00:01:44]} Bf5 {[%clk
00:03:06] [%emt 00:01:25]} 27. e4 {[%clk 00:06:37] [%emt 00:00:05]} Be6 {[%clk
00:03:33] [%emt 00:00:03]} 28. Ng6 {[%clk 00:04:27] [%emt 00:02:39]} Qf6 {[%clk
00:03:41] [%emt 00:00:22]} 29. Nxf8 {[%clk 00:04:02] [%emt 00:00:56]} Rxf8
{[%clk 00:04:06] [%emt 00:00:05]} 30. d5 {[%clk 00:02:26] [%emt 00:02:06]} cxd5
{[%clk 00:04:26] [%emt 00:00:11]} 31. Nxd5 {[%clk 00:02:54] [%emt 00:00:01]}
Qxf2 {[%clk 00:03:47] [%emt 00:01:09]} 32. Qd1 {[%clk 00:01:59] [%emt 00:01:25]}
g3 {[%clk 00:02:28] [%emt 00:01:49]} 33. Ne7+ {[%clk 00:02:15] [%emt 00:00:13]}
Kh7 {[%clk 00:02:50] [%emt 00:00:08]} 34. e5 {[%clk 00:02:40] [%emt 00:00:05]}
g2 {[%clk 00:02:47] [%emt 00:00:33]} 0-1

[Site "Europe Echecs"]